| 000 | 00750nam a22002177a 4500 | ||
|---|---|---|---|
| 999 |
_c6748 _d6748 |
||
| 003 | AR-CdUCM | ||
| 008 | 190319b ||||| |||| 00| 0 spa d | ||
| 040 |
_aMUNICIPALIDAD PROVINCIAL DEL CUSCO _cBIBLIOTECA MUNICIPAL DEL CUSCO |
||
| 082 |
_23ed. _a082 / _bV85 |
||
| 100 |
_aVoltaire, François Marie Arouet de _918996 |
||
| 245 |
_aCándido o El optimismo ; El ingenuo / _cVoltaire |
||
| 260 |
_aLima : _bUniverso, _c1977. |
||
| 300 |
_a164 páginas ; _c17 cm. |
||
| 440 |
_aColección autores clásicos _n : 22 _918997 |
||
| 500 | _aPrólogo de Luis Alberto Silva Santisteban. | ||
| 650 |
_aNovelas francesas - Siglo XVIII _918998 |
||
| 650 |
_aSátira y humorismo _917112 |
||
| 650 |
_aVolataire _918999 |
||
| 942 |
_2ddc _cLIBROS |
||
| 945 | _alccs | ||